| 000 | 00821nam a2200241 i 4500 | ||
|---|---|---|---|
| 001 | bg | ||
| 100 | 1 |
_aNiemczyk, Roman _c(ekonomista). |
|
| 245 | 1 | 0 |
_aZakładam firmę : _bkrok po kroku do działalności gospodarczej / _cRoman Niemczyk. |
| 260 |
_aBydgoszcz : _bAJG, _c2003. |
||
| 300 |
_a343 s. ; _c24 cm. |
||
| 504 | _aBibliogr. | ||
| 650 | 9 |
_aPrawo gospodarcze _zPolska _ystan na 2003 r. |
|
| 650 | 9 |
_aPrzedsiębiorstwa małe i średnie _xorganizacja |
|
| 655 | _aPoradniki | ||
| 020 | _a8389446006 | ||
| 040 | _cBPK | ||
| 041 | 0 | _apol | |
| 080 | _a658.114.011(083.1):346.26](438) | ||
| 920 | _a83-89446-00-6 | ||
| 942 | _cKS | ||
| 008 | s pl f |000 0 pol | ||
| 999 |
_c43186 _d43186 |
||
| 856 |
_uhttp://koha.tu.koszalin.pl/cgi-bin/koha/opac-detail.pl?biblionumber=43186 _yKatalog online BPK |
||